Pápai oklevelek

Bibliographic Details
Main Authors: Fejérpataky, László, 1857-1923 (Author), Áldásy, Antal, 1869-1932 (Author)
Format: Book
Language:Hungarian
PhysicalDescription:76 s. faksimile 25 cm 6 obr. príl.
Published: Budapest Magyar történelmi társulat 1926
Series:Magyar történettudomány kézikönyve
Subjects:

MARC

LEADER 00000nam a2200000 a 4500
001 vtls001142712
003 SK-MaSNL
005 20260301111902.0
008 251124s1926 hu h gr 00000 hun
015 |a SNBA1926 
020 |q (brož.) 
035 |a SNK000085565 
040 |a SNK  |b slo  |c SNK  |e AACR2 
041 0 |a hun 
044 |a hu  |c HU 
080 |a 262.13(093)(091)=945.11  |2 1981 
080 |a 005.91:82-6  |2 2011 
080 |a 930.2:003.074  |2 2011 
080 |a 929.651  |2 2011 
080 |a (048.8)  |2 2011 
100 1 |a Fejérpataky, László,  |d 1857-1923  |4 aut  |9 451754 
245 1 0 |a Pápai oklevelek  |c László Fejérpataky, Antal Áldásy 
260 |a Budapest  |b Magyar történelmi társulat  |c 1926  |e Budapest  |f Királyi Magyar Egyetemi Ny. 
300 |a 76 s.  |b faksimile  |c 25 cm  |e 6 obr. príl. 
490 1 |a Magyar történettudomány kézikönyve  |v köt 2., füz. 4 
650 0 7 |a pápežské listiny  |2 SNKPH  |9 451755 
650 0 7 |a listy  |2 SNKPH  |9 31005 
650 0 7 |a listiny  |2 SNKPH  |9 25130 
650 0 7 |a pečate  |2 SNKPH  |9 3056 
655 7 |a štúdie  |2 SNKPH  |9 57033 
700 1 |a Áldásy, Antal,  |d 1869-1932  |4 aut  |9 208964 
830 0 |a Magyar történettudomány kézikönyve  |9 451756 
954 |a odborná, vedecká literatúra cudzojazyčná (svetová)  |2 lita 
958 |a HU 
958 |a ONDV 
999 |c 708721  |d 710651 
952 |a SNK  |b SNK  |y PREZ  |7 0  |p 17A0714213  |o snkSC 508  |i snk1969/46  |0 0  |1 0  |4 0  |d 2024-02-20  |f 1  |l 0  |r 2026-02-23 21:24:26  |w 2026-02-23